Mobile robots VIII : 9-10 Setember 1993, Boston, Massachusetts /

Bibliographic Details
Corporate Authors: Society of Photo-optical Instrumentation Engineers, Automated Imaging Association
Other Authors: Wolfe, William J., Chun, Wendell H.
Format: Book
Language:English
Published: Bellingham, Wash., USA : SPIE, [1994]
Series:Proceedings of SPIE--the International Society for Optical Engineering ; v. 2058.
Subjects:

MARC

Tag First Indicator Second Indicator Subfields
LEADER 00000cam a2200000 a 4500
001 in00001161513
005 20151001082057.0
008 940215s1994 waua b 101 0 eng d
010 |a  91068479  
020 |a 0819413232 (pbk.) 
035 |a (OCoLC)29814938 
035 |9 AGF4313AM 
040 |a SCT  |c SCT  |d TXA  |d UtOrBLW 
049 |a TXAM 
090 |a TJ211  |b .M62 1994 
245 0 0 |a Mobile robots VIII :  |b 9-10 Setember 1993, Boston, Massachusetts /  |c William J. Wolfe, Wendell H. Chun, chairs/editors ; sponsored and published by SPIE--The International Society for Optical Engineering in cooperation with Automated Imaging Association [and others]. 
264 1 |a Bellingham, Wash., USA :  |b SPIE,  |c [1994] 
264 4 |c ©1994 
300 |a x, 308 pages :  |b illustrations ;  |c 28 cm. 
336 |a text  |b txt  |2 rdacontent 
337 |a unmediated  |b n  |2 rdamedia 
338 |a volume  |b nc  |2 rdacarrier 
490 1 |a Proceedings / SPIE--the international society for optical engineering ;  |v v. 2058 
504 |a Includes bibliographical references and index. 
650 0 |a Mobile robots  |v Congresses. 
650 0 |a Robotics  |v Congresses. 
700 1 |a Wolfe, William J. 
700 1 |a Chun, Wendell H. 
710 2 |a Society of Photo-optical Instrumentation Engineers. 
710 2 |a Automated Imaging Association. 
740 0 |a Mobile robots eight. 
740 0 |a Mobile robots 8. 
830 0 |a Proceedings of SPIE--the International Society for Optical Engineering ;  |v v. 2058. 
999 |a MARS 
999 f f |s 37f16fea-3707-31a4-a82d-d49f9e839611  |i d4741d9e-2362-36e3-a296-0c6e2485c001  |t 0 
952 f f |p ric  |a Texas A&M University  |b Rellis Campus  |c Joint Library Facility  |d Remote Storage  |t 0  |e TJ211 .M62 1994  |h Library of Congress classification  |i unmediated -- volume  |m A14818009188 
998 f f |a TJ211 .M62 1994  |t 0  |l Remote Storage